00447nam a2200145Ia 4500100003600000942000700036654001200043245003300055260003400088082001900122300000800141546001200149999001700161952012300178 aHayt/William H/ Kemmerly/ J.E.  cBK acircuit aEngineering Circuit Analysis bMc Graw HillaSingaporec1993 a621.38153bPAN a706 aENGLISH c24565d24565 001040708CRCaCRCEbCRCEc1488 | 23d2023-03-17g496.00l0o621.38153 PANp5638r2023-03-17v496.00w2023-03-17yBK